| 000 | 00570nam a2200181Ia 4500 | ||
|---|---|---|---|
| 003 | GCL | ||
| 008 | 140319s9999 xx 000 0 ara d | ||
| 040 |
_aGCL / _cGCL |
||
| 082 | 0 | 4 |
_a782.1 _bم م |
| 100 | 1 | _aميلاد ينوفيتش , دوشان | |
| 245 | 1 | 0 |
_aموسم اوبرا بلغراد / _cميلاد ينوفيتش , دوشان |
| 490 |
_aالهيئة العامة للاستعلامات _v0 |
||
| 650 | 0 | 4 | _aالفنون |
| 650 | 0 | 4 | _aالموسيقى المسرحية |
| 650 | 0 | 4 | _aالاوبرا |
| 650 | 0 | 4 | _aاوبرا بلغراد |
| 942 |
_2ddc _cBK |
||
| 999 |
_c51587 _d51587 |
||